000 00669nam a22001937a 4500
005 20260324105711.0
010 _aENG-148140
020 _a9789390107957
_c2500.00
035 _aEN-131672
037 _bDBAD
082 _a625.7
_21
100 _aVerghese, Elizabeth
_988759
245 _aIntelligent Highway Engineering/
_cElizabeth Verghese
250 _a1
260 _aChennai
_bCoral Publishers
_c2025
270 _aCoral Estate No.1-A, Morai Sarath Kandigai Main Road, Morai Pulikuthi Village, Nagoor Andavar Nagar, Avadi
_bChennai
_e600055
_mcoralbooks2016@gmail.com
_k9043050666
300 _a294p
_c24cm(pb)
942 _2ddc
_cEN
_h625.7
_mVER
999 _c215758
_d215758